Algoritmy obrabotki eksperimentaľnych dannych
Salvato in:
| Natura: | Libro |
|---|---|
| Pubblicazione: |
Moskva :
Nauka,
1986
|
| Tags: |
Nessun Tag, puoi essere il primo ad aggiungerne!!
|
MARC
| LEADER | 00000nam a22000003a 4500 | ||
|---|---|---|---|
| 001 | stu18811 | ||
| 005 | 20141122082655.0 | ||
| 008 | ------s1986----xxr---------------------d | ||
| 040 | |a STU |b slo | ||
| 041 | 0 | ||
| 044 | |a xxr | ||
| 080 | |a 519.25 | ||
| 080 | |a 517.11 |7 stu_us_auth*stu10498 | ||
| 245 | |a Algoritmy obrabotki eksperimentaľnych dannych | ||
| 260 | |a Moskva : |b Nauka, |c 1986 | ||
| 300 | |a 183 s : |b Tab.,grafy,lit | ||
| 996 | |b C77416 |c C*77416 |l CCII |s P |a 0 |w stu18811_0002 | ||